LEADER 00465nab a2200133 i 4500 001 000000325623 003 CaOOAMICUS 005 20180831173506.0 008 180831n it uu u0 0ita r 013 $a36675 040 $aSeMil$bita 245 10$aCantare e uscire: la misericordia. - In [rubrica] :$bEditoriale. 773 0 $tGiubileo della Misericordia.$gp.1$w()288581 996 $6245$aCantare e uscire: la misericordia. - In [rubrica] :$bEditoriale.$9(OLS)http://semarc/title/398765 LEADER 00526nas a2200157 i 4500 001 000000004937 003 CaOOAMICUS 005 20180830125437.0 008 180830s2017 it u0 ita u 040 $aSeMil$bita 245 10$aZwingli: Opere scelte. 260 $aTorino :$bClaudiana,$c2017. 300 $av. ;$c22 cm. 700 1 $aZwingli, Huldrych <1484-1531>.$0(OLS)http://semarc/name/14063 996 $6245$aZwingli: Opere scelte$9(OLS)http://semarc/title/400682 996 $6260$aTorino :$bClaudiana$9(OLS)http://semarc/publisher/29837 LEADER 00604naa a2200145 i 4500 001 000000293366 003 CaOOAMICUS 005 20180831172444.0 008 180831n xx u000 u und u 013 $a570 040 $aSeMil$bita 100 1 $aRizzacasa, Aurelio.$0(OLS)http://semarc/name/24233 245 10$aPsicoanalisi e esperienza religiosa :$bpanorama. P. 473-488. 773 0 $tDio nella filosofia del Novecento.$dBrescia : Queriniana, 1993.$kBiblioteca di teologia contemporanea$z88-399-0375-5$w()40748 996 $6245$aPsicoanalisi e esperienza religiosa :$bpanorama. P. 473-488.$9(OLS)http://semarc/title/369448 LEADER 01204nam a2200277 i 4500 001 000000092613 003 CaOOAMICUS 005 20030902000000.0 008 030902s1982 fr u000 u mul u 013 $a64855 020 $a2-204-01888-0-X 040 $aSeMil$bita 245 10$aLivre 11. /$cintroduction, traduction et commentaire par Geneviève Favrelle ; texte grec révisé par Édouard des Places. 300 $a406 p. 490 0 $aSources Chrétiennes ;$vN°292 500 $aDalla biblioteca del card. Giovanni Colombo. 700 1 $aFavrelle, Geneviève.$0(OLS)http://semarc/name/41121 700 1 $aDes Places, Édouard,$c.$0(OLS)http://semarc/name/9205 773 0 $aEusebius : Caesariensis $tPréparation évangélique.$dParis : Les Éditions du Cerf, 1974-1991.$w()9820 830 0$aSources chrétiennes ;$vN°292.$0(OLS)http://semarc/title/72 850 $aSeMil 852 $aSeMil$W1$xVenegono$y1$mSL1.T VI 292$j55500$B55500$CSeMilBibl$Z2$F60214 $8I 941 1 $a3 961 $aLascito: Colombo Card. Giovanni 996 $6020$a2-204-01888-0-X$9(OLS)http://semarc/number/72828 996 $6245$aLivre 11.$9(OLS)http://semarc/title/138779 LEADER 00706naa a2200157 i 4500 001 000000293720 003 CaOOAMICUS 005 20180831172452.0 008 180831n it u000 u ita u 013 $a961 040 $aSeMil$bita 100 1 $aSavignano, Armando,$d<1950- >.$0(OLS)http://semarc/name/9087 245 13$aLa dimensione teologale dell'uomo secondo Zubiri. 600 14$aZubiri, Xavier <1898-1983>.$2//ita$0(OLS)http://semarc/subject/15229 773 0 $tAntropologia culturale e antropologia teologica.$dBologna : EDB, 1994.$kScienze religiose / Istituto trentino di cultura$z88-10-40365-X$gp.115-136$w()42297 996 $6245$aLa dimensione teologale dell'uomo secondo Zubiri$9(OLS)http://semarc/title/369809 LEADER 01253nam a2200289 i 4500 001 000000035278 003 CaOOAMICUS 005 20100408000000.0 008 100408s1986 it u000 u ita u 013 $a3320 020 $a88-246-0805-1 040 $aSeMil$bita 100 1 $aVerheijen, Luc,$c.$0(OLS)http://semarc/name/5478 245 13$aLa regola di S. Agostino :$bstudi e ricerche /$cLuc Verheijen. 260 $aPalermo :$bEdizioni Augustinus,$ccopyr. 1986. 300 $a331 p. ;$c24 cm. 490 0 $aAugustiniana [Augustinus]5. 600 04$aAgostino, Aurelio .$0(OLS)http://semarc/subject/1856 650 4$aMonachesimo - Storia - Tardo Antico.$0(OLS)http://semarc/subject/6340 650 4$aPatristica - Studi.$0(OLS)http://semarc/subject/3628 830 0$aAugustiniana [Augustinus] ;$v5.$0(OLS)http://semarc/title/145 850 $aSeMil 852 $aSeMil$W1$xVenegono$y1$m2T III 175$j1433$B1433$CSeMilBibl$Z2$F1433 $81 961 $aOmaggio: Scuola Cattolica 996 $6020$a88-246-0805-1$9(OLS)http://semarc/number/3416 996 $6245$aLa regola di S. Agostino :$bstudi e ricerche$9(OLS)http://semarc/title/48185 996 $6260$aPalermo :$bEdizioni Augustinus$9(OLS)http://semarc/publisher/29665